000 00475nam a2200181 i 4500
001 bg
100 1 _aBIELECKI, Jan
_d(?-2001).
245 0 _aOd C do C++ :
_bprogramowanie obiektowe w języku C /
_cJ. Bielecki.
260 _aWarszawa,
_c1990.
490 1 _aMikrokomputery
630 0 9 _aC (język programowania)
830 _aMikrokomputery
040 _cBPK
041 _apol
080 _a519.682:681.322.06
942 _cKS
008 s pl f |000 0 pol
999 _c4567
_d4567
856 _uhttp://koha.tu.koszalin.pl/cgi-bin/koha/opac-detail.pl?biblionumber=4567
_yKatalog online BPK